Tin học ứng dụng; T3 Hướng dẫn sử dụng Microsoft Word 97 (Toàn tập)

Sách hướng dẫn sử dụng Word 97 như xử lý văn bản hàng ngày; định dạng các tư liệu; xuất bản Web; tạo các bì thư và danh sách gửi thư; nắm vững các tính năng đặc biệt; xuất bản với đồ họa; điều quản các tư liệu lớn; dùng Word với Offic...

תיאור מלא

שמור ב:
מידע ביבליוגרפי
מחבר ראשי: Nguyễn Tiến
פורמט: ספר
שפה:Undetermined
יצא לאור: Hà Nội Giáo Dục 1997
נושאים:
תגים: הוספת תג
אין תגיות, היה/י הראשונ/ה לתייג את הרשומה!
Thư viện lưu trữ: Trung tâm Học liệu Trường Đại học Cần Thơ
LEADER 01098nam a2200217Ia 4500
001 CTU_21960
008 210402s9999 xx 000 0 und d
020 |b 115.000đ 
082 |a 005.15 
082 |b T305w 
100 |a Nguyễn Tiến 
245 0 |a Tin học ứng dụng; T3 
245 0 |b Hướng dẫn sử dụng Microsoft Word 97 (Toàn tập) 
245 0 |c Nguyễn Tiến, Nguyễn Văn Hoài, Đặng Xuân Hường 
260 |a Hà Nội 
260 |b Giáo Dục 
260 |c 1997 
520 |a Sách hướng dẫn sử dụng Word 97 như xử lý văn bản hàng ngày; định dạng các tư liệu; xuất bản Web; tạo các bì thư và danh sách gửi thư; nắm vững các tính năng đặc biệt; xuất bản với đồ họa; điều quản các tư liệu lớn; dùng Word với Office và các mạng; tùy biến với Word 
650 |a word ( computer programs ) 
904 |i Minh, 980225 
980 |a Trung tâm Học liệu Trường Đại học Cần Thơ